La prensa por dentro: producción informativa y transmisión de estereotipos de género

Salvato in:
Dettagli Bibliografici
Autore principale: Gallego Ayala, Juana (Autore)
Natura: Libro
Lingua:spagnolo
Pubblicazione: Barcelona Los Libros de la Frontera 2002
Soggetti:
Tags: Aggiungi Tag
Nessun Tag, puoi essere il primo ad aggiungerne!!

MARC

LEADER 00000nam a2200000 a 4500
001 UCI9715
003 CL-VaPUC
008 081204e20020000SP |||||||||||||||||spa|d
020 |a 8482550608 
082 0 4 |a 070.1  |b GAL  |2 21 
100 0 |a Gallego Ayala, Juana  |e author  |9 533626 
245 1 3 |a La prensa por dentro: producción informativa y transmisión de estereotipos de género 
300 |a 439 p 
942 |c BK 
945 |d 20081204 00:00:00  |a rbrito 
260 |a Barcelona  |b Los Libros de la Frontera  |c 2002 
650 0 |a Prensa  |9 258117 
650 0 |a Medios de comunicación de masas  |9 257273 
650 0 |a Periodismo   |9 310113 
650 7 |a NOTICIA PERIODISTICA  |2 CL-VaPUC  |9 406378 
650 0 |a Comunicación   |9 257251 
650 0 |a Investigación periodística  |9 386006 
583 |a last modification  |c 20081204 00:00:00  |k Rodrigo Vera 
999 |c 332197  |d 332195 
952 |0 0  |1 0  |4 0  |6 070_100000000000000_GAL_2002  |7 0  |8 A  |9 419676  |a BIBCUR  |b BIBCUR  |d 2019-11-22  |i 4502809  |o 070.1 GAL 2002  |p 4502809  |r 2025-04-22  |w 2019-11-22  |y BK  |k PER